LIBRARY & INFORMATION CENTRE, KCAET, TAVANUR

ONLINE PUBLIC ACCESS CATALOGUE (OPAC)

Sreenarayana Dharmam (Record no. 17770)

MARC details
000 -LEADER
fixed length control field 00395nam a22001577a 4500
003 - CONTROL NUMBER IDENTIFIER
control field OSt
008 - FIXED-LENGTH DATA ELEMENTS--GENERAL INFORMATION
fixed length control field 231102b |||||||| |||| 00| 0 eng d
041 ## - LANGUAGE CODE
Language code of text/sound track or separate title eng
082 ## - DEWEY DECIMAL CLASSIFICATION NUMBER
Classification number 894.8121
Item number SRI / S
100 ## - MAIN ENTRY--AUTHOR NAME
Personal name Sreenarayana Gurudevan
245 ## - TITLE STATEMENT
Title Sreenarayana Dharmam
260 ## - PUBLICATION, DISTRIBUTION, ETC. (IMPRINT)
Name of publisher Shivagiri Madam
Year of publication 1957
300 ## - PHYSICAL DESCRIPTION
Number of Pages 166pages.
700 ## - ADDED ENTRY--PERSONAL NAME
Personal name Swami Sreenarayana Theerthwar
942 ## - ADDED ENTRY ELEMENTS (KOHA)
Koha item type Books
Holdings
Withdrawn status Lost status Damaged status Home library Current library Shelving location Date acquired Full call number Accession Number Koha item type
Withdrawn     KAUAET KAUAET General Stacks 02/11/2023 894.8121 SRI / S 9436 Books
free website counter